Statistics for School Subjects by words

Click here to take the quiz!

General Stats

  • This quiz has been taken 47 times
  • The average score is 6 of 7

Answer Stats

HintAnswer% Correct
Numbers,Addition,SubtractionMath
100%
Painting,DrawingArt
97%
Writing,Reading,PoetryEnglish
92%
Experiments,BeakersScience
92%
Exercise,SportsGym/P.E
87%
Bodys functions.Health
87%
Maps,Culture,The WorldSocial studies
82%

Score Distribution

Percentile by Number Answered

Percent of People with Each Score

Your Score History

You have not taken this quiz